书目信息 |
| 题名: |
和秋叶一起学
|
|
| 作者: | 秋叶 , 刘晓阳 编著 | |
| 分册: | 秒懂Word | |
| 出版信息: | 北京 人民邮电出版社 2021.6 |
|
| 页数: | 173页 | |
| 开本: | 21cm | |
| 丛书名: | ||
| 单 册: | ||
| 中图分类: | TP317.1 , TP391.12 | |
| 科图分类: | ||
| 主题词: | 办公自动化--应用软件 , 汉字处理软件系统 | |
| 电子资源: | ||
| ISBN: | 978-7-115-56488-7 | |
| 000 | 00963nam0 2200277 45 | |
| 001 | 012001002435 | |
| 005 | 20140914101053.0 | |
| 010 | @a978-7-115-56488-7@dCNY39.90 | |
| 100 | @a20210707d2021 em y0chiy50 ea | |
| 101 | 0 | @achi |
| 102 | @aCN@b110000 | |
| 105 | @aa z 000yy | |
| 106 | @ar | |
| 200 | 1 | @a和秋叶一起学@Ahe qiu ye yi qi xue@i秒懂Word@b专著@f秋叶,刘晓阳编著 |
| 210 | @a北京@c人民邮电出版社@d2021.6 | |
| 215 | @a173页@c图@d21cm | |
| 330 | @a本书收录了生活和工作场景中的170个实用Word技巧,每个技巧都配有详细的图文操作说明、清晰的场景使用说明及配套练习与动画演示,能够全方位展示Word软件的各项功能操作,帮助读者结合实际应用,高效使用软件,快速解决问题。 | |
| 606 | 0 | @a办公自动化@x应用软件 |
| 606 | 0 | @a汉字处理软件系统 |
| 610 | 0 | @aWord |
| 690 | @aTP317.1@v5 | |
| 690 | @aTP391.12@v5 | |
| 701 | 0 | @a秋叶@Aqiu ye@4编著 |
| 701 | 0 | @a刘晓阳@Aliu xiao yang@4编著 |
| 801 | 0 | @aCN@bBJSDL@c20211011 |
| 905 | @b1339716-8@dTP317.1@e575@f3 | |
| 和秋叶一起学.秒懂Word/秋叶,刘晓阳编著.-北京:人民邮电出版社,2021.6 |
| 173页:图;21cm |
| ISBN 978-7-115-56488-7:CNY39.90 |
| 本书收录了生活和工作场景中的170个实用Word技巧,每个技巧都配有详细的图文操作说明、清晰的场景使用说明及配套练习与动画演示,能够全方位展示Word软件的各项功能操作,帮助读者结合实际应用,高效使用软件,快速解决问题。 |
| ● |
| 相关链接 |
|
|
|
|
正题名:和秋叶一起学
索取号:TP317.1/575
 
预约/预借
| 序号 | 登录号 | 条形码 | 馆藏地/架位号 | 状态 | 备注 |
| 1 | 1339716 | 213397162 | 第二样本阅览室/ [索取号:TP317.1/575] | 在馆 | |
| 2 | 1339717 | 213397171 | 第三借阅区/ [索取号:TP317.1/575] | 在馆 | |
| 3 | 1339718 | 213397180 | 第三借阅区/ [索取号:TP317.1/575] | 在馆 |